000 00729nam a2200229Ia 4500
008 191130s1996##################000#0#eng##
020 _a9780199241422
022 _a95041864
040 _aACL
_cACL
082 _a184 GIL
245 _aForm and argument in late Plato
_cedited by Christopher Gill and Mary Margaret McCabe
260 _aOxford
_bClarendon Press ; Oxford University Press
_c1996
300 _ax, 345 p. ; 22 cm
500 _aIncludes bibliographical references (p. [313]-323) and indexes
650 _aImaginary conversations
650 _aPlato
700 _aGill, Christopher
700 _aMcCabe, Mary Margaret
990 _a4a3295b1ac10000c266739f9ee968129
991 _a292889
999 _c186922
_d186922